00545nam a2200169Ia 4500003000900000008004100009020001800050040001600068080002300084100001600107245009900123260003700222300001600259490005100275650001400326650003500340IN-BaIIA211028s9999 xx 000 0 eng d a1-4020-1403-1 cIIA Library a52(082.1)bASS-291 aColey, A. A 0aDynamical systems and cosmologycA. A. Coley  aDordrechtbKluwer Academicc2003 aviii, 190p. aAstrophysics and space science library; v. 291 aCosmology aDifferential dynamical systems